Osnovy diofantovoj geometrii
Na minha lista:
| Formato: | Livro |
|---|---|
| Idioma: | russo |
| Publicado em: |
Moskva
Mir
1986
|
| Colecção: | Monografija
|
| Tags: |
Sem tags, seja o primeiro a adicionar uma tag!
|
MARC
| LEADER | 00000nam a2200000 4500 | ||
|---|---|---|---|
| 001 | c104354 | ||
| 005 | 20260108132301.7 | ||
| 041 | 0 | |a rus | |
| 044 | |a RU | ||
| 245 | 1 | 0 | |a Osnovy diofantovoj geometrii |c Serge Lang ; [Perevod s anglijskogo D.G. Markuševiča] |
| 264 | 1 | |a Moskva |b Mir |c 1986 | |
| 300 | |a 446 s. | ||
| 490 | 1 | |a Monografija | |
| 830 | 0 | |a Monografija | |